[Event "Central America Carribean-ch U20"]
[Site "Porlamar"]
[Date "2015.08.27"]
[Round "8"]
[White "Gamboa Mendez, Nicolas De Jesus"]
[Black "Mata Alfaro, Yeshua David"]
[Result "0-1"]
[WhiteElo "1476"]
[BlackElo "1484"]
[PlyCount "80"]
[EventDate "2015.08.22"]
[EventType "swiss"]
[EventRounds "9"]
[EventCountry "VEN"]
[SourceTitle "EXT 2018"]
[Source "ChessBase"]
[SourceDate "2017.10.13"]
[SourceVersion "1"]
[SourceVersionDate "2017.10.13"]
[SourceQuality "1"]

1. Nf3 d5 2. d4 Nf6 3. g3 Bg4 4. Bg2 Nc6 5. Bf4 e6 6. c3 Bd6 7. Bxd6 Qxd6 8. Nbd2 0-0-0 9. Qc2 e5 10. dxe5 Nxe5 11. Nxe5 Qxe5 12. Nf3 Qf5 13. Qxf5+ Bxf5 14. 0-0-0 Ne4 15. Rhf1 f6 16. Nd4 Bg6 17. Ne6 Rd7 18. Bh3 f5 19. Nf4 Ng5 20. Bg2 c6 21. h4 Ne4 22. Bh3 Rf8 23. Ne6 Rf6 24. g4 Re7 25. Nf4 fxg4 26. Bxg4+ Bf5 27. Bxf5+ Rxf5 28. e3 Kd7 29. c4 Kd6 30. b3 Ref7 31. cxd5 cxd5 32. f3 Ng3 33. Rf2 Nh5 34. Nxh5 Rxh5 35. Rfd2 Rxf3 36. e4 Rc3+ 37. Kb2 Rc5 38. a3 Rxh4 39. exd5 Rh5 40. Rg2 g6 0-1

[Event "Central America Carribean-ch U20"]
[Site "Porlamar"]
[Date "2015.08.24"]
[Round "4"]
[White "Gamboa Mendez, Nicolas De Jesus"]
[Black "Rojas Fuenmayor, Cesar Emilio"]
[Result "1-0"]
[WhiteElo "1476"]
[BlackElo "1439"]
[PlyCount "61"]
[EventDate "2015.08.22"]
[EventType "swiss"]
[EventRounds "9"]
[EventCountry "VEN"]
[SourceTitle "EXT 2018"]
[Source "ChessBase"]
[SourceDate "2017.10.13"]
[SourceVersion "1"]
[SourceVersionDate "2017.10.13"]
[SourceQuality "1"]

1. Nf3 Nc6 2. c4 b6 3. g3 Bb7 4. Bg2 Nf6 5. 0-0 e6 6. Nc3 Be7 7. d4 d5 8. cxd5 exd5 9. Ne5 0-0 10. Bg5 Nd7 11. Bxe7 Nxe7 12. Nxd7 Qxd7 13. Qc2 Ba6 14. Rfd1 Rfe8 15. e3 c6 16. Qa4 Bc8 17. Rac1 b5 18. Qb3 a5 19. Qc2 Qd6 20. e4 dxe4 21. Nxe4 Qc7 22. Qd2 Nd5 23. Nc3 Bb7 24. Nxd5 Qd6 25. Ne3 b4 26. Nf5 Qf6 27. Ne3 Rac8 28. Ng4 Qe6 29. Ne5 Qxa2 30. Bxc6 Bxc6 31. Nxc6 1-0

[Event "Central America Carribean-ch U20"]
[Site "Porlamar"]
[Date "2015.08.22"]
[Round "2"]
[White "Gamboa Mendez, Nicolas De Jesus"]
[Black "Ramos Castro, Luis Alejandro"]
[Result "1/2-1/2"]
[WhiteElo "1476"]
[BlackElo "1563"]
[PlyCount "77"]
[EventDate "2015.08.22"]
[EventType "swiss"]
[EventRounds "9"]
[EventCountry "VEN"]
[SourceTitle "EXT 2018"]
[Source "ChessBase"]
[SourceDate "2017.10.13"]
[SourceVersion "1"]
[SourceVersionDate "2017.10.13"]
[SourceQuality "1"]

1. Nf3 c5 2. c4 e6 3. Nc3 a6 4. g3 Nc6 5. Bg2 Be7 6. 0-0 Nf6 7. d4 cxd4 8. Nxd4 Qc7 9. Nc2 0-0 10. b3 Rd8 11. Bb2 d5 12. cxd5 Nxd5 13. Nxd5 exd5 14. Rc1 Qb8 15. Nd4 Nxd4 16. Qxd4 Bf6 17. Qd2 Bxb2 18. Qxb2 Be6 19. Rc2 Qd6 20. Rfc1 Rab8 21. Qc3 Bf5 22. Rd2 Rbc8 23. Qb2 Rxc1+ 24. Qxc1 Qc6 25. Qd1 Be6 26. e4 d4 27. Rxd4 Rxd4 28. Qxd4 Qc1+ 29. Bf1 h6 30. Qd8+ Kh7 31. Qh4 Qd1 32. e5 Qb1 33. h3 Qxa2 34. Qe4+ g6 35. Qxb7 Bxb3 36. Qxa6 Qb1 37. Qd3 Qb2 38. Qe2 Qb1 39. Qb5 1/2-1/2